Statistics for Mass Effect 3

Click here to take the quiz!

General Stats

  • This quiz has been taken 735 times
  • The average score is 20 of 26

Answer Stats

HintAnswer% Correct
Ship pilotJoker
98%
AIEDI
97%
Main CharacterShepard
97%
Strong aliens wishing to destroy the worldReapers
95%
Race of only women also apart of the councilAsari
89%
Former female companion of Shepard brought backAshley
88%
Evil humanist group ( Shepard helped them in ME2 )Cerberus
88%
Turian companion found on Palaven's moonGarrus
86%
Robotic group created by above, turned evil/good ( depends on how you see it )Geth
81%
Main military group fighting the Answer of BelowAlliance
80%
Former ME2 companion hunting down her fatherMiranda
80%
Race responsible for the Above's GenocideSalarians
79%
Former tank bred companion found when looking for missing scoutsGrunt
77%
Strong buff Race led by Urdnot WrexKrogans
77%
Leader of BelowIllusive Man
76%
A female companion found in the first real missionLiara
75%
#6's homeworldTuchanka
71%
Former male companion of Shepard brought backKaidan
70%
Migrant group of exo suit beingsQuarians
70%
Hot headed lieutenant assigned to ShepardJames
66%
Evil assassin working for #9Kai Leng
63%
Weapon said to destroy #5Crucible
60%
Melee weapon used ( coexist with the Omni tool )Omni Blade
57%
Human form of #5Husk
51%
Name of the Mech. #10 usesAtlas
48%
Different improved version of the best sniper in ME2Black Widow
43%

Score Distribution

Percentile by Number Answered

Percent of People with Each Score

Your Score History

You have not taken this quiz